000 00439nam a2200181Ia 4500
001 15902
005 20260306170230.0
008 260306t2001||||xx |||||||||||||| ||und||
041 _aESP
082 _a620.1126
_bO47
100 _aOller, Sergio,
_eAUT
245 0 _aFractura mecánica :
_bun enfoque global
260 _c2001
300 _axvi, 286 páginas :
_c24 cm.
650 _aGEN
654 _aCII
942 _cLIB
_dJUS
_fJUS
_2ddc
_n
999 _c15902
_d15902